| 000 -CABECERA |
| Longitud fija campo de control |
00696nam a2200205 a 4500 |
| 001 - NÚMERO DE CONTROL |
| Número de control |
5954 |
| 003 - IDENTIFICADOR DEL NÚMERO DE CONTROL |
| Identificador del número de control |
CDMR |
| 005 - FECHA Y HORA DE LA ÚLTIMA TRANSACCIÓN |
| Fecha y hora de la última transacción |
20211228120426.0 |
| 008 - CÓDIGOS DE INFORMACIÓN DE LONGITUD FIJA |
| Códigos de información de longitud fija |
130220s2009||||||||||||||||||||||||||||d |
| 020 ## - NÚMERO INTERNACIONAL NORMALIZADO PARA LIBROS |
| Número Internacional Normalizado para Libros (ISBN) |
9788492542154 |
| 040 ## - FUENTE DE LA CATALOGACIÓN |
| Centro catalogador de origen |
CDMR |
| Lengua de catalogación |
cat |
| Centro transcriptor |
CDMR |
| 100 1# - PUNTO DE ACCESO PRINCIPAL-NOMBRE DE PERSONA |
| Nombre de persona |
Vinader I Sánchez, Xavier |
| 9 (RLIN) |
2970 |
| 245 10 - MENCIÓN DE TÍTULO |
| Título |
Periodisme i compromís |
| Mención de responsabilidad, etc. |
Xavier Vinader i Sánchez ; edició [...] Jaume Busqué i Barceló ; pròleg Antoni Segura i Mas |
| 260 ## - PUBLICACIÓN, DISTRIBUCIÓN, ETC. (PIE DE IMPRENTA) |
| Lugar de publicación, distribución, etc. |
Catarroja |
| Nombre del editor, distribuidor, etc. |
Afers |
| 260 ## - PUBLICACIÓN, DISTRIBUCIÓN, ETC. (PIE DE IMPRENTA) |
| Lugar de publicación, distribución, etc. |
Barcelona |
| Nombre del editor, distribuidor, etc. |
Centre d'Estudis Històrics Internacionals |
| Fecha de publicación, distribución, etc. |
2009 |
| 300 ## - DESCRIPCIÓN FÍSICA |
| Extensión |
239 p ; |
| Dimensiones |
17 cm |
| 490 0# - MENCIÓN DE SERIE |
| Mención de serie |
Els papers del Pavelló de la República |
| Designación de volumen o secuencia |
6 |
| 700 1# - PUNTO DE ACCESO ADICIONAL - NOMBRE DE PERSONA |
| 9 (RLIN) |
4027 |
| Nombre de persona |
Busqué i Barceló, Jaume |
| Término indicativo de función |
ed. |
| 942 ## - ENTRADA DE ELEMENTOS AGREGADOS (KOHA) |
| Koha [por defecto] tipo de item |
Monografies |
| Fuente de clasificaión o esquema |
|